Antología de la poesía hispanoamericana actual

Na minha lista:
Detalhes bibliográficos
Autor principal: Ortega, Julio (autor)
Formato: Livro
Idioma:espanhol
Publicado em: Cuernavaca Siglo Veintiuno Editores 1987
Edição:1a. ed
Assuntos:
Tags: Adicionar Tag
Sem tags, seja o primeiro a adicionar uma tag!

MARC

LEADER 00000cam a2200000 a 4500
001 UCC2521
003 CL-VaPUC
008 180309e19870000mx |||||||||||||||||spa|d
020 |a 9682314038 
082 0 4 |a H861  |b ORT  |2 21 
100 |a Ortega, Julio  |e autor  |9 596579 
245 1 0 |a Antología de la poesía hispanoamericana actual 
250 |a 1a. ed 
300 |a 505 p 
942 |c BK 
945 |d 20180309 22:06:00  |a dcastane 
260 |a Cuernavaca  |b Siglo Veintiuno Editores  |c 1987 
650 7 |a POESIAS LATINOAMERICANAS  |2 CL-VaPUC  |9 320983 
650 0 |a Antología poética  |9 504960 
583 |a last modification  |c 20180309 22:06:00  |k Rodrigo Vera 
999 |c 370603  |d 370601 
952 |0 0  |1 0  |3 erb  |4 0  |6 H_861_000000000000000_ORT_1987  |7 0  |8 A  |9 487145  |a BIBEDU  |b BIBEDU  |c ES_NOD  |i 5452635  |l 2  |o H861 ORT 1987  |p 5452635  |r 2023-09-22  |s 2023-09-22  |w 2019-11-24  |y BK  |z Catalogado en:20180309  |k LIT